Score 0/30 Timer 03:00
2 Plays Today
Hint 4-Letter Word % Correct
✂ A cat's weapon ✂CLAW
97.8%
✂ What may get hammered ✂NAIL
92.7%
Apartment in UKFLAT
92.6%
Group of wolvesPACK
92.1%
✂ Dining utensil ✂FORK
91.4%
Defect, blemishFLAW
90.2%
City recreational areaPARK
89.9%
Epic non-successFAIL
89.6%
To expel intestinal gas FART
88.5%
The other white meatPORK
86.6%
Two of a kindPAIR
86.5%
Lauderdale, Worth or WayneFORT
86.1%
✂ Discomfort ✂PAIN
81.3%
✂ Select from alternatives ✂PICK
77.8%
Sit down to a mealDINE
76.3%
Hint 4-Letter Word % Correct
Challenge to do somethingDARE
72.5%
✂ Move suddenly and rapidly ✂DART
72.3%
Skin pustulePOCK
71.4%
Bloodsucking arachnidTICK
71.3%
Galilean widow's village (Luke 7:11)NAIN
70.8%
Precedes 'accompli'FAIT
70.3%
Juvenile salmonPARR
70%
Move swiftly and lightlyFLIT
69.7%
✂ Horseback riding gear ✂TACK
69.6%
Extremely serious or urgentDIRE
69.2%
✂ What you may be on with needles ✂PINS
67%
✂ Canine tooth ✂FANG
66.5%
✂ Hunger twinge ✂PANG
65.8%
Short high-pitched ringing soundPING
64.3%
CacophoniesDINS
60.8%

Today's Daily Dose

You're not logged in!

Compare scores with friends on all Sporcle quizzes.
OR
Log In

Sporcle TV

Today on Sporcle TV


Watch our educational content, quiz creation guides, and fun videos on Sporcle TV.

Show Comments

Extras

Top Quizzes Today


Score Distribution

Your Account Isn't Verified!

In order to create a playlist on Sporcle, you need to verify the email address you used during registration. Go to your Sporcle Settings to finish the process.

Report this User

Report this user for behavior that violates our Community Guidelines.

Details: